Central Library OPAC University of Rajshahi

Strategy, risk, and personality in coalition politics : (Record no. 42337)

MARC details
000 -LEADER
fixed length control field 00868nam a2200265 a 4500
001 - CONTROL NUMBER
control field 42337
003 - CONTROL NUMBER IDENTIFIER
rucl marc code BD-RjUL
005 - DATE AND TIME OF LATEST TRANSACTION
control field 20211209053527.0
008 - FIXED-LENGTH DATA ELEMENTS--GENERAL INFORMATION
fixed length control field 160612s1975 enk b 001 0 eng
020 ## - INTERNATIONAL STANDARD BOOK NUMBER
International Standard Book Number 0521208742
035 ## - SYSTEM CONTROL NUMBER
System control number (BD-RjUL)42455
040 ## - CATALOGING SOURCE
Original cataloging agency DLC
Transcribing agency DLC
Modifying agency DLC
-- BD-RjU
Language of cataloging eng
041 ## - LANGUAGE CODE
Language code of text/sound track or separate title eng
082 00 - DEWEY DECIMAL CLASSIFICATION NUMBER
Classification number 324.20954
Edition number 23
Author mark and year BUS 1975
100 2# - MAIN ENTRY--PERSONAL NAME
Personal name Mesquita, Bruce Bueno de
9 (RLIN) 130217
245 10 - TITLE STATEMENT
Title Strategy, risk, and personality in coalition politics :
Remainder of title the case of India /
Statement of responsibility, etc. Bruce Bueno de Mesquita.
260 ## - PUBLICATION, DISTRIBUTION, ETC. (IMPRINT)
Place of publication, distribution, etc. Cambridge :
-- New York ;
Name of publisher, distributor, etc. Cambridge University Press,
Date of publication, distribution, etc. 1975.
300 ## - PHYSICAL DESCRIPTION
Pagination ix, 198 p. ;
Size 24 cm.
500 ## - GENERAL NOTE
General note Includes index.
504 ## - BIBLIOGRAPHY, ETC. NOTE
Bibliography, etc Bibliography: p. 184-192.
650 #0 - SUBJECT ADDED ENTRY--TOPICAL TERM
Topical term or geographic name as entry element Political parties
Geographic subdivision India.
9 (RLIN) 130218
Topical term or geographic name as entry element Coalition governments
Geographic subdivision India.
9 (RLIN) 130219
Topical term or geographic name as entry element Coalition governments.
9 (RLIN) 127628
942 ## - ADDED ENTRY ELEMENTS (KOHA)
Source of classification or shelving scheme Dewey Decimal Classification
Koha item type Books
Holdings
Lost status Source of classification or shelving scheme Damaged status Not for loan Collection code Permanent Location Current Location Shelving location Date acquired Source of acquisition Total Checkouts Full call number Date last seen Copy number Koha item type Cost, normal purchase price
  Dewey Decimal Classification     Non-fiction Central Library, University of Rajshahi Central Library, University of Rajshahi   08/10/1980 Netharlad Sife   324.20954 BUS 1975 12/06/2016 C-2 Books  
  Dewey Decimal Classification     Non-fiction Central Library, University of Rajshahi Central Library, University of Rajshahi   08/04/1982 Helfa   324.20954 BUS 1975 19/06/2016 C-3 Books 12.00